Score 0/50 Timer 07:00
4 Plays Today
% Correct
Shades
93.4%
Pitch
92.1%
Force
90.3%
Transylvania
89.3%
Magic
89%
Compton
88.5%
Fantastic
88.5%
Fury
85.7%
Age
84.6%
Secret
84.5%
Jurassic
84.3%
Man
81.7%
Hateful
80.7%
Steve
79.6%
Ant
79.2%
Jupiter
78.5%
Point
77.9%
Home
77.5%
Night
74.8%
Rogue
74.1%
Terminator
72.9%
Inside
71.5%
Spies
71.1%
Good
69.4%
Second
66%
% Correct
Heart
65.6%
Danish
63.9%
Furious
63.4%
Scorch
61.5%
Short
59.5%
Jane
58.8%
Little
58%
Eye
57.9%
Paper
57.3%
Madding
57.1%
Ride
54.4%
Earl
52.2%
Hard
51.6%
McFarland
51.4%
Green
49.7%
Adaline
49.3%
Gold
48.8%
Peak
47.6%
Holmes
44.7%
Saul
42.5%
Mass
41.1%
Beasts
39.8%
Ultra
30.8%
Child
27%
Ove
23.2%
Come Together.
Have Fun.
All Virtual.
We all need to come together. Play Sporcle's virtual live trivia to have fun, connect with people, and get your trivia on. Join a live hosted trivia game for your favorite pub trivia experience done virtually. If a virtual private party is more your thing, go here for details.

You're not logged in!

Compare scores with friends on all Sporcle quizzes.
OR
Log In

Sporcle TV

Today on Sporcle TV


Watch our educational content, quiz creation guides, and fun videos on Sporcle TV.

Show Comments

Extras

Top Quizzes Today


Score Distribution

Paid Content

Your Account Isn't Verified!

In order to create a playlist on Sporcle, you need to verify the email address you used during registration. Go to your Sporcle Settings to finish the process.

Report this User

Report this user for behavior that violates our Community Guidelines.

Details: